Ковалевской Надежде Федоровне, урожд. Морошкиной

Доступно только в Электронных читальных залах Найти на картеНа карте
RUSMARC
00004423nmc2a22003131x 450
00189c1bf5a-ac9d-4cab-98bc-3c286b9b4b54
00520131219043509.0
100##$a20130529l18921902k y0rusy50 ca
1010#$arus
102##$aRU
105##$ay z |||||
1222#$ad18920524
$ad19021226
2001#$aКовалевской Надежде Федоровне, урожд. Морошкиной
$j24 мая 1892 - 26 декабря 1902
215##$a69 листов
$cмарки
251##$cДело
300##$aЗаголовок на первом листе дела: Письма и телеграммы Кони Анатолия Федоровича к Коваленской Надежде Федоровне (урожденной Морошкиной)
300##$aПисьмо от 19 января 1900 г., на обороте письма Герке к Кони
300##$a63 письма
300##$aЛисты 1-8, 11-43, 50, 51, 54-63, 66, 67, 69 имеют марки. Лист 9 имеет монограмму
300##$aРукописный текст
330##$aПереписка А. Ф. Кони; Письма А. Ф. Кони
461#0$10013a54f2e3-e9cf-409b-80fa-f0a9bd3c40cb
$12001
$aКони Анатолий Федорович, юрист, литератор, член академии наук, председатель Санкт-Петербургского окружного суда, член государственного совета
$1251
$cФонд
$1852
$j564
462#0$100178a475cd-a47d-4377-bff3-cee4b81de655
$12001
$aОпись дел фонда А. Ф. Кони за 1880-1931 гг.
$1251
$cОпись
$1852
$j1
517##$aПисьма и телеграммы Кони Анатолия Федоровича к Коваленской Надежде Федоровне (урожденной Морошкиной)
600#1$aКони
$bА. Ф.
$f1844-1927
$gАнатолий Федорович
600#1$aКоваленская
$bН. Ф.
$gНадежда Федоровна
801#0$aRU
$bGA_RF
801#1$aRU
$bНПО Опыт
$c20130529
$2rusmarc
801#2$aRU
$bПБ им. Б.Н. Ельцина
$c20131219
$gRCR
$2rusmarc
852##$aГА РФ
$j824
937##$d42302996
$hПБ
035##$aRuPRLIB51002814
Формат отображения